| 000 | 00550cam a22002291 4500 | ||
|---|---|---|---|
| 001 | ne 65000304 | ||
| 003 | DLC | ||
| 005 | 20260227111811.0 | ||
| 008 | 890627s1964 xx a 000 0 ara | ||
| 010 | _ane 65000304 | ||
| 035 | _a(OCoLC)23523223 | ||
| 040 |
_aDLC _cMiU _dDLC |
||
| 042 | _apremarc | ||
| 043 | _af-ua--- | ||
| 050 | 0 | 0 |
_aR135 _b.K3 1964 |
| 100 | 1 | _aKamal, Hassan. | |
| 245 | 1 | 3 | _aal-Ṭibb al-Miṣrī al-quadīm. |
| 260 | _c1964. | ||
| 300 |
_a2 v. _billus. _c24 cm. |
||
| 500 | _aRomanized. | ||
| 650 | 0 | _aMedicine, Egyptian | |
| 999 |
_c47915 _d47915 |
||